000 00406nam a22001577a 4500
003 MPLRDC
005 20220104144510.0
008 210129b ||||| |||| 00| 0 eng d
082 _a857.61 MD
100 _a蔡清富辑录
245 _a草鞋脚: 现代中国短篇小说选
_c
260 _a
_b湖南人民出版社
_c1981
300 _b
650 _a短篇小说--总集
942 _cBK
_o857.61 MD
999 _c50203
_d50193